Statistics for Turkish Place Words

Click here to take the quiz!

General Stats

  • This quiz has been taken 72 times
  • The average score is 16 of 22

Answer Stats

TurkishEnglish% Correct
BankaBank
97%
OkulSchool
90%
EvHouse
86%
ŞehirCity
83%
MüzeMuseum
83%
BanyoBathroom
81%
PlajBeach
79%
KaleCastle
78%
AdaIsland
78%
MutfakKitchen
78%
HavaalanıAirport
76%
SokakStreet
74%
TiyatroTheater
74%
KöyVillage
72%
KütüphaneLibrary
69%
PostanePost Office
69%
KiliseChurch
66%
Ayakkabı mağazasıShoe Store
64%
Ekmek fırınıBakery
60%
KöprüBridge
57%
GölLake
57%
NehirRiver
55%

Score Distribution

Percentile by Number Answered

Percent of People with Each Score

Your Score History

You have not taken this quiz